| 000 | 00476nam a2200181Ia 4500 | ||
|---|---|---|---|
| 003 | GCL | ||
| 008 | 140319s9999 xx 000 0 eng d | ||
| 040 |
_aGCL / _cGCL |
||
| 082 | 0 | 4 |
_aRef _b032.1332 _bA D |
| 100 | 1 | _aABDEEN, ADNAN | |
| 245 | 1 | 0 |
_aDICTIONARY OF FINANCE / _cABDEEN, ADNAN |
| 700 | 1 | _aVACCA, JOHN R. | |
| 260 |
_a[S.N] : _bMACMILLAN PUBLISHING COMPANY ، _c1988 |
||
| 300 | _a486 P | ||
| 650 | 0 | 4 | _aFINANCE - DICTIONARY |
| 650 | 0 | 4 | _aFINANCE |
| 942 |
_2ddc _cBK |
||
| 999 |
_c18330 _d18330 |
||